000
00307nam a22001457a 4500
008
230316b ||||| |||| 00| 0 eng d
020
_a
9781902617077
041
_a
eng
080
_a
72
082
_a
72EPT
100
_a
19
101
_a
ART
245
_a
FURNITURE FACELIFTS
_c
EPTON.S
942
_2
udc
_c
BK
999
_c
59364
_d
59364